00330nam a22001337a 4500003000400000020001800004082001400022100001800036245005400054250000800108260005200116300001000168650001800178SGT a9789388902755 a611bH19C aBd Chaurasia  aBd Chaurasias Human Anatomy:- Brain Neuroanatomy a4TH aNEW DELHI bCbs Publishers & Distributorsc2019 a1-200 aHuman Anatomy